02175nam a2200385 a 4500001001200000003000800012006001900020007001500039008004100054020001500095020001800110040002100128035002100149050002500170110004000195245029900235260005700534300002300591500026600614504004100880533015200921650005801073650004101131650005701172650002901229650003101258655002901289700002201318700002101340700002901361710016001390710009601550710001701646856012601663ebr10557789CaPaEBRm u cr cn|||||||||120517s2012 dcua sb 100 0 eng d z0309225752 z9780309225755 aCaPaEBRcCaPaEBR a(OCoLC)78205675714aQH323.2b.N38 2012eb2 aNational Academy of Sciences (U.S.)10aBiosecurity challenges of the global expansion of high-containment biological laboratoriesh[electronic resource] :bsummary of a workshop /cAlison K. Hottes, Benjamin Rusek, and Fran Sharples, rapporteurs ; National Academy of Sciences and National Research Council of the National Academies. aWashington, D.C. :bNational Academies Press,c2012. axi, 204 p. :bill. a"Committee on Anticipating Biosecurity Challenges of the Global Expansion of High-containment Biological Laboratories ; Committee on International Security and Arms Control, Policy and Global Affairs, Board on Life Sciences, Division on Earth and Life Studies." aIncludes bibliographical references. aElectronic reproduction.bPalo Alto, Calif. :cebrary,d2013.nAvailable via World Wide Web.nAccess may be limited to ebrary affiliated libraries. 0aBiological laboratoriesxSafety measuresvCongresses. 0aBiological laboratoriesvCongresses. 0aBiological laboratoriesxHealth aspectsvCongresses. 0aBiosecurityvCongresses. 0aPublic healthvCongresses. 7aElectronic books.2local1 aHottes, Alison K.1 aRusek, Benjamin.1 aSharples, Frances Ellen.2 aNational Academy of Sciences (U.S.).bCommittee on Anticipating Biosecurity Challenges of the Global Expansion of High-Containment Biological Laboratories.2 aNational Academy of Sciences (U.S.).bCommittee on International Security and Arms Control.2 aebrary, Inc.40uhttp://site.ebrary.com/lib/rucke/Doc?id=10557789zAn electronic book accessible through the World Wide Web; click to view